| 000 | 00362nam a22001697a 4500 | ||
|---|---|---|---|
| 003 | SGT | ||
| 020 | _a9781138667136 | ||
| 082 |
_a796.06 _bS17F |
||
| 100 | _aFRIED, GIL | ||
| 245 | _aSPORT ANALYTICS | ||
| 250 | _a1ST | ||
| 260 |
_aNEW YORK _bROUTLEDGE PUB _c2017 |
||
| 300 | _a256 | ||
| 650 | _aSPORT SCIENCE | ||
| 653 | _aSPORT ANALYTICS | ||
| 942 |
_2ddc _cBK |
||
| 999 |
_c33168 _d33168 |
||